Central Library OPAC University of Rajshahi

The health of older people : (Record no. 5169)

MARC details
000 -LEADER
fixed length control field 00913cam a22002771 4500
001 - CONTROL NUMBER
control field 5169
003 - CONTROL NUMBER IDENTIFIER
rucl marc code BD-RjUL
005 - DATE AND TIME OF LATEST TRANSACTION
control field 20211208234024.0
008 - FIXED-LENGTH DATA ELEMENTS--GENERAL INFORMATION
fixed length control field 131224s1962 xx 001 0 eng
035 ## - SYSTEM CONTROL NUMBER
System control number (BD-RjUL)5205
System control number (OCoLC)490260
040 ## - CATALOGING SOURCE
Original cataloging agency DLC
Transcribing agency OClU
Modifying agency GAM-M
-- Uk
-- OCoLC
-- DLC
-- BD-RjUL
Language of cataloging eng
041 ## - LANGUAGE CODE
Language code of text/sound track or separate title eng
060 ## - NATIONAL LIBRARY OF MEDICINE CALL NUMBER
Classification number WT 30 S528h 1962
082 00 - DEWEY DECIMAL CLASSIFICATION NUMBER
Classification number 362.1989700973
Author mark and year SHH 1962
100 1# - MAIN ENTRY--PERSONAL NAME
Personal name Shanas, Ethel.
9 (RLIN) 16289
245 14 - TITLE STATEMENT
Title The health of older people :
Remainder of title a social survey /
Statement of responsibility, etc. Ethel Shanas.
260 ## - PUBLICATION, DISTRIBUTION, ETC. (IMPRINT)
Place of publication, distribution, etc. Cambridge :
Name of publisher, distributor, etc. Harvard University Press,
Date of publication, distribution, etc. 1962.
300 ## - PHYSICAL DESCRIPTION
Pagination xii, 250 p. :
Illustrations ill. ;
Size 27 cm.
500 ## - GENERAL NOTE
General note "Reports and papers based on the survey": p. 207-208. Bibliographical footnotes.
504 ## - BIBLIOGRAPHY, ETC. NOTE
Bibliography, etc Includes index.
650 #0 - SUBJECT ADDED ENTRY--TOPICAL TERM
Topical term or geographic name as entry element Older people
General subdivision Medical care
Geographic subdivision United States.
9 (RLIN) 16290
Topical term or geographic name as entry element Older people
Geographic subdivision United States.
9 (RLIN) 16291
942 ## - ADDED ENTRY ELEMENTS (KOHA)
Source of classification or shelving scheme Dewey Decimal Classification
Koha item type Books
Holdings
Lost status Source of classification or shelving scheme Damaged status Not for loan Collection code Permanent Location Current Location Shelving location Date acquired Source of acquisition Total Checkouts Full call number Date last seen Copy number Koha item type
  Dewey Decimal Classification     Non-fiction Central Library, University of Rajshahi Central Library, University of Rajshahi   18/03/1966 Zeitlinger   362.1989700973 SHH 1962 24/12/2013 C-2 Books
  Dewey Decimal Classification     Non-fiction Central Library, University of Rajshahi Central Library, University of Rajshahi   18/03/1966 Zeitlinger   362.1989700973 SHH 1962 23/08/2016 C-3 Books